Hindu Religion: (Record no. 182626)

MARC details
000 -LEADER
fixed length control field 00681nam a22002057a 4500
005 - DATE AND TIME OF LATEST TRANSACTION
control field 20211129172239.0
010 ## - LCCN (DPL NO)
LC control number ENG-130133
020 ## - INTERNATIONAL STANDARD BOOK NUMBER
International Standard Book Number 978-93-88248-05-1
Terms of availability 1250.00
035 ## - SYSTEM CONTROL NUMBER
System control number EN-113665
037 ## - SOURCE OF ACQUISITION
Source of stock number/acquisition DBAD/PUB
082 ## - DEWEY DECIMAL CLASSIFICATION NUMBER
Classification number 294.5
100 ## - MAIN ENTRY--PERSONAL NAME
Personal name Srivastava, Sanchit
245 ## - TITLE STATEMENT
Title Hindu Religion:
Statement of responsibility, etc Sanchit Srivastava, Surabhi Srivastava
250 ## - EDITION STATEMENT
Edition statement 2019
260 ## - PUBLICATION, DISTRIBUTION, ETC. (IMPRINT)
Place of publication, distribution, etc Delhi
Name of publisher, distributor, etc Gyan Geeta Prakashan
Date of publication, distribution, etc 2019
270 ## - ADDRESS
Address F-7, Gali No. 1, Panschsheel Garden Ext. Naveen Shahdara
City Delhi
Postal code 110032
Electronic mail address gyangeetaprakashan@gmail.com
300 ## - PHYSICAL DESCRIPTION
Extent vii, 300p.
Dimensions 22cm (hbk)
Other physical details Bibliography, Index
700 ## - ADDED ENTRY--PERSONAL NAME
Personal name Srivastava, Surabhi
942 ## - ADDED ENTRY ELEMENTS (KOHA)
Source of classification or shelving scheme Dewey Decimal Classification
Item type English Books
Classification part 294.5
Call number suffix SRI
Holdings
Withdrawn status Lost status Not for loan Collection code Home library Current library Date acquired Source of acquisition Cost, normal purchase price Full call number Barcode Copy number Cost, replacement price Koha item type
      Non-fiction Shahdara Branch Shahdara Branch 29/11/2021 DBAD/PUB 1250.00 294.5 SRI EN-113665 1 1250.00 English Books

© Delhi Public Library
Hit Counter
free hit counter